Hướng dẫn phòng chống cac bệnh do vi khuẩn, Chlamydia và rickettsia từ động vật lây sang người /
Trình bày khái niệm chung về các bệnh từ động vật lây sang người. Đề cập đến các bệnh do vi khuẩn, chlamydia vfa Rickettsia.
Đã lưu trong:
| Tác giả chính: | |
|---|---|
| Định dạng: | Sách |
| Năm xuất bản: |
H.
Nông nghiệp
2004
|
| Phiên bản: | Tái bản |
| Chủ đề: | |
| Tags: |
Thêm thẻ
Không có thẻ, Hãy là người đầu tiên gắn thẻ bản ghi này!
|
| LEADER | 01299nam a2200217 4500 | ||
|---|---|---|---|
| 082 | |a 636.089 |b B510Q | ||
| 100 | |a Bùi Quý Huy | ||
| 245 | |a Hướng dẫn phòng chống cac bệnh do vi khuẩn, Chlamydia và rickettsia từ động vật lây sang người / |c Bùi Quý Huy | ||
| 250 | |a Tái bản | ||
| 260 | |a H. |b Nông nghiệp |c 2004 | ||
| 300 | |a 159 tr |c 19 cm | ||
| 520 | |a Trình bày khái niệm chung về các bệnh từ động vật lây sang người. Đề cập đến các bệnh do vi khuẩn, chlamydia vfa Rickettsia. | ||
| 653 | |a Nông nghiệp | ||
| 653 | |a Bệnh động vật | ||
| 653 | |a Phòng chống | ||
| 942 | |2 ddc |c STK0 | ||
| 999 | |c 7323 |d 7323 | ||
| 952 | |0 0 |1 0 |2 ddc |4 0 |6 636_089000000000000_B510Q |7 0 |8 600 |9 67262 |a qbu |b qbu |c D3 |d 2015-02-04 |g 18700 |o 636.089 B510Q |p 7219.c1 |r 0000-00-00 |w 2015-02-04 |y STK0 | ||
| 952 | |0 0 |1 0 |2 ddc |4 0 |6 636_089000000000000_B510Q |7 0 |8 600 |9 67263 |a qbu |b qbu |c D3 |d 2015-02-04 |g 18700 |o 636.089 B510Q |p 7219.c2 |r 0000-00-00 |w 2015-02-04 |y STK0 | ||
| 952 | |0 0 |1 0 |2 ddc |4 0 |6 636_089000000000000_B510Q |7 0 |8 600 |9 67264 |a qbu |b qbu |c D3 |d 2015-02-04 |g 18700 |o 636.089 B510Q |p 7219.c3 |r 0000-00-00 |w 2015-02-04 |y STK0 | ||
| 952 | |0 0 |1 0 |2 ddc |4 0 |6 636_089000000000000_B510Q |7 0 |8 600 |9 67265 |a qbu |b qbu |c D3 |d 2015-02-04 |g 18700 |o 636.089 B510Q |p 7219.c4 |r 0000-00-00 |w 2015-02-04 |y STK0 | ||